Okouzlující vévodkyně /
Milostný román odehrávající se na počátku 19. století v Anglii, kdy se potkává starý a nový svět v postavách arogantního aristokrata a bohaté americké dědičky.
Uloženo v:
| Série: | ORCHIDEJ,
část 197 |
|---|---|
| Hlavní autor: | |
| Další autoři: | |
| Médium: | E-kniha |
| Jazyk: | Czech |
| Vydáno: |
Ostrava :
OLDAG,
2026
|
| Vydání: | První vydání |
| Edice: | Orchidej
|
| Témata: | |
| Příbuzné jednotky: | Z cyklu::
ORCHIDEJ |
| Tagy: |
Žádné tagy |
| LEADER | 02742nam a2200457 i 4500 | ||
|---|---|---|---|
| 001 | 302990 | ||
| 003 | CZ PrSKC | ||
| 005 | 20260516063244.0 | ||
| 007 | ta | ||
| 008 | 260421s2026 xr g 000 f cze | ||
| 015 | |a cnb003752447 | ||
| 020 | |a 9788074114090 |q (vázáno) | ||
| 040 | |a ABG001 |b cze |e rda | ||
| 041 | 1 | |a cze |h eng | |
| 072 | 7 | |a 821.111(73)-3 |x Americká próza |2 Konspekt | |
| 080 | |a 821.111(73)-31 |2 MRF | ||
| 080 | |a (0:82-31)-055.2 |2 MRF | ||
| 100 | 1 | |a James, Eloisa, |d 1962- |7 kv2009497006 |4 aut | |
| 240 | 1 | 0 | |a My American duchess. |l Česky |
| 245 | 1 | 0 | |a Okouzlující vévodkyně / |c Eloisa James ; z anglického originálu My American duchess ... přeložila Magda Cindričová |
| 250 | |a První vydání | ||
| 264 | 1 | |a Ostrava : |b OLDAG, |c 2026 | |
| 300 | |a 358 stran ; |c 21 cm | ||
| 336 | |a text |b txt |2 rdacontent | ||
| 337 | |a bez média |b n |2 rdamedia | ||
| 338 | |a svazek |b nc |2 rdacarrier | ||
| 490 | 1 | |a Orchidej ; |v svazek 197 | |
| 520 | 2 | |a Milostný román odehrávající se na počátku 19. století v Anglii, kdy se potkává starý a nový svět v postavách arogantního aristokrata a bohaté americké dědičky. |b Svěží a vtipný román, v němž se střetává ženská americká prostořekost s vytříbenou mužskou salonní aristokratičností v odvěkém a vlastně jednoduchém příběhu lásky ženy a muže, jak ji vnímala často upjatá společenská smetánka na počátku 19. století. Arogantní vévoda z Trentu se hodlá oženit s dobře vychovanou Angličankou. Odvážná Merry Pelfordová - americká dědička nechvalně proslulá tím, že poslala k vodě dva snoubence - je poslední žena, o níž by uvažoval jako o své potenciální nevěstě. Ale po jednom vzrušujícím setkání s okouzlující Merry po ní Trent touží víc, než toužil po ženách, s nimiž se kdy seznámil. Rozhodne se, že z ní za každou cenu udělá svoji ženu. Nakladatelská anotace. Kráceno. | |
| 655 | 7 | |a americké romány |7 fd131796 |2 czenas | |
| 655 | 7 | |a romány pro ženy |7 fd187897 |2 czenas | |
| 655 | 9 | |a American fiction |2 eczenas | |
| 655 | 9 | |a women's novels |2 eczenas | |
| 700 | 1 | |a Cindričová, Magda |7 jn20000810283 |4 trl | |
| 710 | 2 | |a Nakladatelství OLDAG |7 xx0342240 |4 pbl | |
| 830 | 0 | |a Orchidej | |
| 900 | |a ABG001 |b 19 | ||
| 044 | |a xr | ||
| 787 | 0 | 8 | |g 197 |i Z cyklu: |t ORCHIDEJ |
| 910 | |a RBIT002 | ||
| 998 | |d 427160 |a https://core.palmknihy.cz/api/books/427160/cover?tf1nkx |b https://core.palmknihy.cz/api/books/427160/cover/400?tf1nkx |c https://core.palmknihy.cz/api/books/427160/cover/50?tf1nkx |e 2030-08-13 |g 368 |i 9788074114090 |j https://core.palmknihy.cz/api/books/427160/preview.epub |l |q 49 |r 1 |s https://www.palmknihy.cz/kniha/427160 |t ebook |y 2026 |z 0 |v ORCHIDEJ |w 197 | ||
| 999 | |d 302988 | ||